000 03747nab a2200313 i 4500
003 BR-BrBNA
005 20260125114606.0
008 260125b2016 bl.qr|pooa||| 00| 0 por |
040 _aBR-BrBNA
_bpor
072 _aF50
072 _aF62
100 _aPinto, Marcelo Bosco
100 _aGrabias, Jeniffer
100 _aHoffmann, Pablo Melo
100 _aVelazco, Santiago José Elías
100 _aBlum, Christopher Thomas
245 _aCaracterização morfológica de frutos, sementes, plântulase germinação de Oreopanax fulvus Marchal
500 _a Publicação online; 22 ref.; 6 tables; Summaries (En, Pt)
520 _a RESUMO - Este estudo teve como objetivos caracterizar a morfologia dos frutos, sementes e plântulas, e avaliar o comportamento germinativo de Oreopanax fulvus Marchal. Após coleta, as infrutescências foram caracterizadas quanto a sua biometria e morfologia, assim como os frutos, sementes e plântulas. Dois experimentos de germinação foram instalados: o primeiro para avaliar o desempenho da germinação sobre diferentes substratos e o segundo para testar o efeito do grau de maturação dos frutos na germinação. As infrutescências possuem frutos globosos, indeiscentes com coloração roxa quando maduros. Não houve diferença significativa do tamanho de frutos em diferentes graus de maturação. As sementes são pequenas, elípticas com endosperma ruminado e embrião espatulado. A germinação é fanerocotiledonar e a plântula epígea. Os cotilédones permaneceram na plântula por cerca de 150 dias após o início da germinação. Não houve diferença significativa na germinação de sementes sobre diferentes substratos, com média geral de 42,2%. No teste de influência da maturação apenas sementes de frutos maduros germinaram (68,3%), demonstrando ser este um requisito essencial para a adequada germinação de O. fulvus. Palavras-chave: Araliaceae, biometria, morfologia, maturação, substrato
520 _a ABSTRACT - This study aimed to characterize the morphology of fruits, seeds and seedlings and evaluate the germination of Oreopanax fulvus Marchal. After collection, it was carried out the biometrical and morphological characterization of infructescences, fruits and seeds. Seedlings were also characterized, after germination procedures. Two germination experiments were realised: the first one to evaluate the performance of germination on different substrates and the second to test the effects of the fruit maturation on the germination parameters. The fruits are globose, indehiscent and purple when mature. There is no significant difference in fruit size regarding to maturation. The seeds are small and elliptical, with ruminated endosperm and spatulated embryo. Germination is phanero-epigeal. The cotyledons remain in the seedlings for 150 days after germination. There was no significant difference on seed germination rates over different substrates, the overall average was 42.2%. In the maturation experiment only seeds from mature fruits germinated (68.3%), demonstrating that this is an essential requirement for adequate germination of O. fulvus. Key words: Araliaceae, biometry, morphology, maturation, substrate
650 _aESPÉCIE NATIVA
650 _aGERMINAÇÃO
650 _aBIOMETRIA
650 _aMORFOLOGIA VEGETAL
773 0 _04656
_9359957
_dRecife-PE Universidade Federal Rural de Pernambuco 2006
_o2026-0347
_tRevista Brasileira de Ciências Agrárias (Brazil)
_x1981-1160
_gv. 11(2) p. 111-116; (2016)
_wBR2025005500
856 _uhttp://www.agraria.pro.br/ojs32/index.php/RBCA/article/view/v11i2a5366/508
942 _cANA
999 _c339914
_d339914